Talent Management: (Record no. 183209)

MARC details
000 -LEADER
fixed length control field 00637 a2200181 4500
005 - DATE AND TIME OF LATEST TRANSACTION
control field 20220221122936.0
010 ## - LCCN (DPL NO)
LC control number ENG-130435
020 ## - INTERNATIONAL STANDARD BOOK NUMBER
International Standard Book Number 97-93-91370-19-0
Terms of availability 595.00
035 ## - SYSTEM CONTROL NUMBER
System control number EN-113967
037 ## - SOURCE OF ACQUISITION
Source of stock number/acquisition DBAD/PUB
082 ## - DEWEY DECIMAL CLASSIFICATION NUMBER
Classification number 658.4
Item number 1
245 ## - TITLE STATEMENT
Title Talent Management:
Remainder of title A Contemporary Perspective/
Statement of responsibility, etc Edited by Mamta Mohapatra, Swati Dhir
260 ## - PUBLICATION, DISTRIBUTION, ETC. (IMPRINT)
Place of publication, distribution, etc New Delhi
Name of publisher, distributor, etc Sage Publications India Pvt Ltd.
Date of publication, distribution, etc 2021
270 ## - ADDRESS
Address B-I/I-I, Mohan Cooperative Industrial Area, Mathura Road
City New Delhi
Postal code 110044
300 ## - PHYSICAL DESCRIPTION
Extent xxxi, 290p.
Dimensions 22cm (pbk)
Other physical details Index
700 ## - ADDED ENTRY--PERSONAL NAME
Personal name Edited by Swati Dhir
942 ## - ADDED ENTRY ELEMENTS (KOHA)
Institution code [OBSOLETE] dpl
Item type English Books
Source of classification or shelving scheme Dewey Decimal Classification
Classification part 658.4
Call number suffix TAL
Holdings
Withdrawn status Lost status Not for loan Collection code Home library Current library Date acquired Source of acquisition Cost, normal purchase price Full call number Barcode Copy number Cost, replacement price Koha item type
      Non-fiction Ashok Vihar Ashok Vihar 20/12/2021 DBAD/PUB 595.00 658.4 TAL EN-113967 1 595.00 English Books

© Delhi Public Library
Hit Counter
free hit counter